Definicje poetyckie Norwida

Titel: Definicje poetyckie Norwida / Tomasz Korpysz
Verfasser:
Veröffentlicht: Lublin : Towarzystwo Naukowe Katolickiego Uniw. Lubelskiego Jana Pawła II, 2009
Umfang: 364 S.
Format: Buch
Sprache: Polnisch
Schriftenreihe/
mehrbändiges Werk:
Studia i monografie / Towarzystwo Naukowe Katolickiego Uniwersytetu Lubelskiego ; 14
Hochschulschrift: Zugl.: Lublin, Univ., Diss., 2005
RVK-Notation:
ISBN: 9788373064171 ; 8373064176
Buchumschlag
X
Lokale Klassifikation: 2 N 7 ; 32 10 E
alg: 26656794
001A    $03004:08-06-11 
001B    $01999:03-06-23 $t05:51:44.000 
001D    $03004:08-06-11 
001U    $0utf8 
001X    $00 
002@    $0Aau 
003@    $0266567940 
003O    $0707712017 $aOCoLC 
004A    $A978-83-7306-417-1 
004A    $083-7306-417-6 
007A    $0BV037260130 $aBVB 
007G    $0DE0201FA4918BDD5FD251C125791700270940 
007T    $0Herdhh266567940 
009P    $A2 $3Inhaltsverzeichnis $uhttp://bvbr.bib-bvb.de:8991/F?func=service&doc_library=BVB01&doc_number=021173274&line_number=0001&func_code=DB_RECORDS&service_type=MEDIA 
009P    $qapplication/pdf $A2 $3Inhaltsverzeichnis $uhttp://scans.hebis.de/HEBCGI/show.pl?26656794_toc.pdf $mV:DE-603;B:DE-Mb50 
010@    $apol 
011@    $a2009 
013H    $0u 
021A    $aDefinicje poetyckie Norwida $hTomasz Korpysz 
028A    $D20220215 $Ecgwrk $8Korpysz, Tomasz$Z20./21. Jh. [Tp3] $9485693062 
033A    $pLublin $nTowarzystwo Naukowe Katolickiego Uniw. Lubelskiego Jana Pawła II 
034D    $a364 S. 
036E    $aStudia i monografie / Towarzystwo Naukowe Katolickiego Uniwersytetu Lubelskiego $l14 
036F    $x214 $8Studia i monografie / Towarzystwo Naukowe Katolickiego Uniwersytetu Lubelskiego $919118487X $l14 
037C    $aZugl.:  $bLublin $cUniv., Diss., 2005 
045F    $a809 $eDDC23BSB 
045F/01 $a809 
045F/03 $g438 
045G    $a800 $eDDC23BSB 
045G/01 $a800 
045G/03 $g438 
045Z    $8KO 8882 [Tkv] $9409263796 

lok: 26656794 24
101B    $009-09-11 $t13:30:50.000 
101C    $009-09-11 
101U    $0utf8 
145Z/01 $a2 N 7 
145Z/02 $a32 10 E 

exp: 26656794 24 1 #EPN
201B/01 $009-09-11 $t13:30:50.000 
201C/01 $008-06-11 
201U/01 $0utf8 
203@/01 $0621514802 
208@/01 $a08-06-11 $bz 
209A/01 $a11.03874 $du $f050 $h11 03874 $x00 
209C/01 $a11.03874 T $h11 03874 T 
209G/01 $a72079540 $x00 
220C/01 $ajwa/han 
244Z/01 $#Norwid, Cyprian $#Norwid, Cyprian Kamil $#Norwid, Cyprian K. $#Norwid, Cyprjan K. $#Norwid, Cyprjan $#Norwid, C. K. $#Norvid, T︠S︡iprian $#Norvid, Ciprian $#Norwid, Cyprien Camille $#Norwid, C.K. $#Norwid, Kamil Cyprian $#Norvid, Tsiprian $#Norwid, Cyprien $7118588753 $8--Tp1--Norwid, Cyprian$Z1821-1883 $x01 $9086929763 
247C/01 $8358050-7 Marburg, Bibliothek des Herder-Instituts Marburg $9102600961 

lok: 26656794 78

exp: 26656794 78 1 #EPN
201B/01 $019-04-17 $t21:58:55.000 
201U/01 $0utf8 
203@/01 $0793852560 
208@/01 $a12-11-16 $be 
209A/01 $a/ $f000 $x00 
237A/01 $aweiterführende Signatur(en): Herder-Institut: 11.03874 
244Z/01 $2Trx $#Poola $#Lenkija $#Polija $#Polen Land $#Poland $#Lengyelország $#Poľsko $#Polsko $8--Trx--Polska$gkraj $x01 $9391345966 
244Z/01 $2Trx $8--Trx--Monographie $x02 $9391384546 
245Z/01 $a11.08 $x01 
247C/01 $82080>Marburg/Lahn, Herder-Institut, Forschungsbibliothek, Bibliographieportal $9336309341
LEADER 00000cam a2200000 c 4500
001 266567940
003 DE-603
005 20230603055144.0
007 tu
008 110608s2009 xx |||| m u00||u|pol c
020 |a 9788373064171 
020 |a 8373064176 
035 |a (DE-599)BVBBV037260130 
035 |a (OCoLC)707712017 
040 |a DE-603  |b ger  |c DE-603  |d DE-603 
041 |a pol 
082 0 4 |8 1\u  |a 809  |q DE-101  |2 23/BSB 
083 0 |8 2\u  |a 800  |q DE-101  |2 23/BSB 
084 |a KO 8882  |0 (DE-625)80803:  |0 (DE-603)409263796  |2 rvk 
085 |8 1\u  |b 809 
085 |8 1\u  |z 2  |s 438 
085 |8 2\u  |b 800 
085 |8 2\u  |z 2  |s 438 
100 1 |a Korpysz, Tomasz  |d 20./21. Jh.  |0 (DE-603)485693062  |0 (DE-588)1241578508  |2 gnd 
245 0 0 |a Definicje poetyckie Norwida  |c Tomasz Korpysz 
264 1 |a Lublin  |b Towarzystwo Naukowe Katolickiego Uniw. Lubelskiego Jana Pawła II  |c 2009 
300 |a 364 S. 
490 1 |a Studia i monografie / Towarzystwo Naukowe Katolickiego Uniwersytetu Lubelskiego  |v 14 
502 |a Zugl.: Lublin, Univ., Diss., 2005 
810 2 2 |a Katolicki Uniwersytet Lubelski  |b Towarzystwo Naukowe  |t Studia i monografie  |v 14  |w (DE-603)19118487X  |w (DE-600)2156486-3  |9 214  |7 as 
856 4 2 |u http://bvbr.bib-bvb.de:8991/F?func=service&doc_library=BVB01&doc_number=021173274&line_number=0001&func_code=DB_RECORDS&service_type=MEDIA  |3 Inhaltsverzeichnis 
856 4 2 |m V:DE-603;B:DE-Mb50  |q application/pdf  |u http://scans.hebis.de/HEBCGI/show.pl?26656794_toc.pdf  |3 Inhaltsverzeichnis 
924 0 |9 Mb 50  |a (DE-603)621514802  |b DE-Mb50  |c HES  |d c  |g 11.03874 
924 0 |9 2080  |a (DE-603)793852560  |b DE-2080  |c HES  |d d  |g /